<?xml version="1.0" encoding="UTF-8"?>
<record
    xmlns:xsi="http://www.w3.org/2001/XMLSchema-instance"
    xsi:schemaLocation="http://www.loc.gov/MARC21/slim http://www.loc.gov/standards/marcxml/schema/MARC21slim.xsd"
    xmlns="http://www.loc.gov/MARC21/slim">

  <leader>01323nam a22002657a 4500</leader>
  <datafield tag="999" ind1=" " ind2=" ">
    <subfield code="c">53397</subfield>
    <subfield code="d">53397</subfield>
  </datafield>
  <controlfield tag="005">20220201055848.0</controlfield>
  <controlfield tag="008">      s2533    th                  tha d</controlfield>
  <datafield tag="020" ind1=" " ind2=" ">
    <subfield code="a">9745778982</subfield>
  </datafield>
  <datafield tag="040" ind1=" " ind2=" ">
    <subfield code="a">NALT</subfield>
  </datafield>
  <datafield tag="041" ind1=" " ind2=" ">
    <subfield code="a">tha</subfield>
  </datafield>
  <datafield tag="090" ind1=" " ind2=" ">
    <subfield code="a">KD 121 </subfield>
    <subfield code="b">&#xE2A;265&#xE01; 2533</subfield>
  </datafield>
  <datafield tag="100" ind1="0" ind2=" ">
    <subfield code="a">&#xE2A;&#xE21;&#xE1E;&#xE23; &#xE16;&#xE32;&#xE27;&#xE23;</subfield>
    <subfield code="9">48219</subfield>
  </datafield>
  <datafield tag="245" ind1="1" ind2="0">
    <subfield code="a">&#xE01;&#xE32;&#xE23;&#xE19;&#xE33;&#xE23;&#xE30;&#xE1A;&#xE1A;&#xE27;&#xE34;&#xE18;&#xE35;&#xE01;&#xE32;&#xE23;&#xE40;&#xE25;&#xE37;&#xE2D;&#xE01;&#xE15;&#xE31;&#xE49;&#xE07;&#xE2B;&#xE19;&#xE36;&#xE48;&#xE07;&#xE04;&#xE19;&#xE2B;&#xE19;&#xE36;&#xE48;&#xE07;&#xE40;&#xE2A;&#xE35;&#xE22;&#xE07;&#xE21;&#xE32;&#xE43;&#xE0A;&#xE49;&#xE43;&#xE19;&#xE01;&#xE0E;&#xE2B;&#xE21;&#xE32;&#xE22;&#xE40;&#xE25;&#xE37;&#xE2D;&#xE01;&#xE15;&#xE31;&#xE49;&#xE07;&#xE02;&#xE2D;&#xE07;&#xE44;&#xE17;&#xE22; /</subfield>
    <subfield code="c">&#xE2A;&#xE21;&#xE1E;&#xE23; &#xE16;&#xE32;&#xE27;&#xE23;</subfield>
  </datafield>
  <datafield tag="260" ind1=" " ind2=" ">
    <subfield code="a">&#xE01;&#xE23;&#xE38;&#xE07;&#xE40;&#xE17;&#xE1E;&#xE2F; : </subfield>
    <subfield code="b">&#xE08;&#xE38;&#xE2C;&#xE32;&#xE25;&#xE07;&#xE01;&#xE23;&#xE13;&#xE4C;&#xE21;&#xE2B;&#xE32;&#xE27;&#xE34;&#xE17;&#xE22;&#xE32;&#xE25;&#xE31;&#xE22;, </subfield>
    <subfield code="c">2533</subfield>
  </datafield>
  <datafield tag="300" ind1=" " ind2=" ">
    <subfield code="a">182 &#xE2B;&#xE19;&#xE49;&#xE32; ;</subfield>
    <subfield code="c"> 30 &#xE0B;&#xE21;.</subfield>
  </datafield>
  <datafield tag="650" ind1=" " ind2="4">
    <subfield code="a">&#xE40;&#xE02;&#xE15;&#xE40;&#xE25;&#xE37;&#xE2D;&#xE01;&#xE15;&#xE31;&#xE49;&#xE07;</subfield>
    <subfield code="9">25385</subfield>
  </datafield>
  <datafield tag="650" ind1=" " ind2="0">
    <subfield code="a">&#xE01;&#xE32;&#xE23;&#xE40;&#xE25;&#xE37;&#xE2D;&#xE01;&#xE15;&#xE31;&#xE49;&#xE07;</subfield>
    <subfield code="z">&#xE44;&#xE17;&#xE22;</subfield>
    <subfield code="9">2052</subfield>
  </datafield>
  <datafield tag="650" ind1=" " ind2="4">
    <subfield code="a">&#xE01;&#xE0E;&#xE2B;&#xE21;&#xE32;&#xE22;&#xE40;&#xE25;&#xE37;&#xE2D;&#xE01;&#xE15;&#xE31;&#xE49;&#xE07;</subfield>
    <subfield code="9">28417</subfield>
    <subfield code="x">&#xE27;&#xE34;&#xE08;&#xE31;&#xE22;</subfield>
    <subfield code="z">&#xE44;&#xE17;&#xE22;</subfield>
  </datafield>
  <datafield tag="650" ind1=" " ind2="4">
    <subfield code="a">&#xE01;&#xE32;&#xE23;&#xE40;&#xE25;&#xE37;&#xE2D;&#xE01;&#xE15;&#xE31;&#xE49;&#xE07;</subfield>
    <subfield code="9">34543</subfield>
    <subfield code="x">&#xE1B;&#xE23;&#xE30;&#xE27;&#xE31;&#xE15;&#xE34;</subfield>
  </datafield>
  <datafield tag="653" ind1=" " ind2="4">
    <subfield code="a">&#xE01;&#xE32;&#xE23;&#xE41;&#xE1A;&#xE48;&#xE07;&#xE40;&#xE02;&#xE15;&#xE40;&#xE25;&#xE37;&#xE2D;&#xE01;&#xE15;&#xE31;&#xE49;&#xE07; -- &#xE27;&#xE34;&#xE08;&#xE31;&#xE22;</subfield>
  </datafield>
  <datafield tag="653" ind1=" " ind2="4">
    <subfield code="a">&#xE23;&#xE30;&#xE1A;&#xE1A;&#xE01;&#xE32;&#xE23;&#xE40;&#xE25;&#xE37;&#xE2D;&#xE01;&#xE15;&#xE31;&#xE49;&#xE07; -- &#xE44;&#xE17;&#xE22;</subfield>
  </datafield>
  <datafield tag="850" ind1=" " ind2=" ">
    <subfield code="a">NALT</subfield>
  </datafield>
  <datafield tag="942" ind1=" " ind2=" ">
    <subfield code="c">RSH</subfield>
    <subfield code="0">3</subfield>
    <subfield code="2">local</subfield>
  </datafield>
  <datafield tag="998" ind1=" " ind2=" ">
    <subfield code="j">1020</subfield>
    <subfield code="k"> &#xE08;&#xE33;&#xE40;&#xE23;&#xE35;&#xE22;&#xE07; &#xE23;&#xE30;&#xE27;&#xE31;&#xE07;&#xE2A;&#xE33;&#xE42;&#xE23;&#xE07;</subfield>
  </datafield>
  <datafield tag="952" ind1=" " ind2=" ">
    <subfield code="0">0</subfield>
    <subfield code="1">0</subfield>
    <subfield code="4">0</subfield>
    <subfield code="7">0</subfield>
    <subfield code="8">CRSH</subfield>
    <subfield code="a">NALT</subfield>
    <subfield code="b">NALT</subfield>
    <subfield code="e">&#xE1A;&#xE23;&#xE34;&#xE08;&#xE32;&#xE04;</subfield>
    <subfield code="l">1</subfield>
    <subfield code="o">&#xE27; KD121 &#xE2A;265&#xE01;  2533</subfield>
    <subfield code="p">3961169596</subfield>
    <subfield code="r">2017-08-07 00:00:00</subfield>
    <subfield code="s">2017-08-07</subfield>
    <subfield code="t">&#xE09;. 1</subfield>
    <subfield code="w">2017-06-09</subfield>
    <subfield code="y">RSH</subfield>
  </datafield>
  <datafield tag="952" ind1=" " ind2=" ">
    <subfield code="0">0</subfield>
    <subfield code="1">0</subfield>
    <subfield code="4">0</subfield>
    <subfield code="7">0</subfield>
    <subfield code="8">CRSH</subfield>
    <subfield code="a">NALT</subfield>
    <subfield code="b">NALT</subfield>
    <subfield code="e">&#xE1A;&#xE23;&#xE34;&#xE08;&#xE32;&#xE04;</subfield>
    <subfield code="l">1</subfield>
    <subfield code="m">1</subfield>
    <subfield code="o">&#xE27; KD121 &#xE2A;265&#xE01;  2533</subfield>
    <subfield code="p">3961168753</subfield>
    <subfield code="r">2017-10-04 00:00:00</subfield>
    <subfield code="s">2017-09-22</subfield>
    <subfield code="t">&#xE09;. 3</subfield>
    <subfield code="w">2017-06-09</subfield>
    <subfield code="y">RSH</subfield>
  </datafield>
  <datafield tag="952" ind1=" " ind2=" ">
    <subfield code="0">0</subfield>
    <subfield code="1">0</subfield>
    <subfield code="4">0</subfield>
    <subfield code="7">0</subfield>
    <subfield code="8">CRSH</subfield>
    <subfield code="a">NALT</subfield>
    <subfield code="b">NALT</subfield>
    <subfield code="e">&#xE1A;&#xE23;&#xE34;&#xE08;&#xE32;&#xE04;</subfield>
    <subfield code="l">1</subfield>
    <subfield code="o">&#xE27; KD121 &#xE2A;265&#xE01;  2533</subfield>
    <subfield code="p">3961169597</subfield>
    <subfield code="r">2018-05-25 00:00:00</subfield>
    <subfield code="s">2018-05-08</subfield>
    <subfield code="w">2017-06-09</subfield>
    <subfield code="y">RSH</subfield>
  </datafield>
</record>
